Rubinstein and another v SoS for the Environment (Record no. 9394)
[ view plain ]
| 000 -LEADER | |
|---|---|
| fixed length control field | 00982cab a2200181 4500 |
| 001 - CONTROL NUMBER | |
| control field | ABS39099 |
| 008 - FIXED-LENGTH DATA ELEMENTS--GENERAL INFORMATION | |
| fixed length control field | 090401t xxu||||| |||| 00| 0 eng d |
| 035 ## - SYSTEM CONTROL NUMBER | |
| System control number | (Sirsi) u14421 |
| 041 ## - LANGUAGE CODE | |
| Language code of text/sound track or separate title | eng |
| 245 ## - TITLE STATEMENT | |
| Title | Rubinstein and another v SoS for the Environment |
| 350 ## - PRICE (NR) (BK AM CF MU VM SE) [OBSOLETE] | |
| Price | 0 |
| 490 ## - SERIES STATEMENT | |
| Series statement | Transcript |
| 520 ## - SUMMARY, ETC. | |
| Summary, etc. | QBD 11 December 1987. An application under Wildlife and Countryside Act 1981 by two officers of the Ramblers Association concerning an order, Lincolnshire County Council No.2 Modification Order 1985 made under s53, which purports to delete from the definitive map and standard of an area, a footpath which had appeared on the said map since 1959. The defendants claimed there had never been a footpath and it therefore should never have been shown on the map. It was held that this was not relevant, if the footpath had appeared on the map it could not be deleted. |
| 650 ## - SUBJECT ADDED ENTRY--TOPICAL TERM | |
| Topical term or geographic name entry element | RIGHTS OF WAY |
| 690 ## - LOCAL SUBJECT ADDED ENTRY--TOPICAL TERM (OCLC, RLIN) | |
| Topical term or geographic name as entry element | PLANNING LAW AND PRACTICE |
| 942 ## - ADDED ENTRY ELEMENTS (KOHA) | |
| Suppress in OPAC | 0 |
| 948 ## - LOCAL PROCESSING INFORMATION (OCLC); SERIES PART DESIGNATOR (RLIN) | |
| c (OCLC) | 04/03/1997 |
| Withdrawn status | Lost status | Source of classification or shelving scheme | Damaged status | Not for loan | Home library | Current library | Shelving location | Date acquired | Total Checkouts | Full call number | Barcode | Date last seen | Copy number | Price effective from | Koha item type |
|---|---|---|---|---|---|---|---|---|---|---|---|---|---|---|---|
| Dewey Decimal Classification | London | London | Journal article | 14/09/1999 | ABS39099 | 14421-1001 | 06/08/2019 | 1 | 06/08/2019 | Law report |